000 00812nam a2200205Ia 4500
999 _c38107
_d38107
001 4095
003 GE_BSU
005 20190918150355.0
008 181216s1970||||ge |||||||||||||| ||geo||
040 _cGE_BSU
041 _ageo
080 _a398(479.22)+821.353.1.09 ს-21
100 _aსამხარაძე, გიორგი
_94090
245 _aხალხური სიტყვიერების შთაგონება /
_cრედ. კ. ლორთქიფანიძე.
264 _aთბ. :
_bნაკადული,
_c1970.
300 _a110 გვ. ;
_b20 სმ.
653 _aქართული ხალხური სიტყვიერება
700 _aლორთქიფანიძე, კ.
_eრედაქტორი
_93817
942 _cBK
_2udc